000 00773nam a2200181Ia 4500
008 100920s9999 xx 000 0 und d
082 _b93373
_a28 व 891 न 05
100 _aदेशपांडे कृ.पं.
245 _aसंस्कार कथामाला : सोनेरी प्रभात - 2.
260 _bमधुराज प्रकाशन, पुणे.
_c2005
300 _a60
_bसाधी
365 _b40
520 _aबा.वि.लघुकथा.
630 _aसंस्कार कथामाला : सोनेरी प्रभात - 2.
650 _aबा.वि.लघुकथा.
730 _aसंस्कार कथामाला : सोनेरी प्रभात - 2.
942 _cBOOK
999 _c733816
_d733813